| 000 | 00973cam a22002895a 4500 | ||
|---|---|---|---|
| 001 | 4156543 | ||
| 005 | 20180123114125.0 | ||
| 008 | 781128t1979 enka frb 001 0 eng d | ||
| 020 | _a0582489911 | ||
| 040 |
_aDLC _cDLC _dDLC _dEG-ScBUE _beng |
||
| 041 | 1 |
_aeng _hfre |
|
| 082 | 0 | 4 |
_a380 _222 _bBEA |
| 100 | 1 | _aBeaujeu-Garnier, Jacqueline. | |
| 240 | 1 | 0 |
_aGeographie du commerce. _lEnglish |
| 245 | 1 | 0 |
_aGeography of marketing / _cJ. Beaujeu-Garnier, Annie Delobez ; translated by S. H. Beaver. |
| 250 | _a1st ed. | ||
| 260 |
_aLondon ; _aNew York : _bLongman, _cc.1979. |
||
| 300 |
_axxiii, 263 p. : _bill. ; _c24 cm. |
||
| 500 | _aTranslation with new material of La geographie du commerce. | ||
| 504 | _aIncludes bibliographical references and index. | ||
| 650 | 7 |
_aCommercial geography. _2BUEsh |
|
| 650 | 7 |
_aCommerce. _2BUEsh _931817 |
|
| 653 |
_bGGEN _cJanuary2018 |
||
| 700 | 1 | _aDelobez, Annie. | |
| 700 | 1 |
_aBeaver, Stanley Henry, _etranslator. |
|
| 942 | _2ddc | ||
| 999 |
_c25995 _d25967 |
||